Statistics for Closest Countries to Malta

Click here to take the quiz!

General Stats

  • This quiz has been taken 48 times
    (45 since last reset)
  • The average score is 11 of 12

Answer Stats

DistanceAnswer% Correct
90 kmItaly
100%
298 kmTunisia
98%
573.78 kmAlgeria
95%
743 kmGreece
95%
866.1 kmMontenegro
90%
684 kmVatican
90%
767.3 kmAlbania
88%
348 kmLibya
88%
904.3 kmSan Marino
88%
930 kmBosnia and Herzegovina
83%
929 kmKosovo
78%
896.4 kmMacedonia
70%

Score Distribution

Percentile by Number Answered

Percent of People with Each Score

Your Score History

You have not taken this quiz since the last reset